000 01237nam a2200241Ia 4500
999 _c36248
_d36248
001 2152
003 GE_BSU
005 20190527140400.0
008 181216s1986||||ge |||||||||||||| ||geo||
040 _cGE_BSU
041 _ageo
080 _a811.111(075.8) გ-61
100 _aგოქსაძე, ლ.
_91619
245 _aთანამედროვე ინგლისური ენის პრაქტიკული გრამატიკა=A practical course in current english grammar :
_bსახელმძღვ. უმაღლ. სასწავლებლების სპეც. ფაკ-ტების სტუდენტთათვის /
_cლ. გოქსაძე, ნ. მამაცაშვილი, მ. გიგინეიშვილი.
264 _aთბილისი:
_bთბილ. უნ-ტის გამ-ბა,
_c1986.
300 _a540 გვ.;
_b21 სმ.
541 _h15ლ.
653 _aინგლისური ენა
653 _aგრამატიკა
700 _aმამაცაშვილი, ნ.
_eავტორი
_91620
700 _aგიგინეიშვილი, მ.
_eავტორი
_91621
942 _cBK
_2udc